| 000 | 00740nam a2200265 i 4500 | ||
|---|---|---|---|
| 001 | bg | ||
| 245 | 0 | 0 |
_aA dictionary of earth sciences / _ced. by Ailsa Allaby and Michael Allaby. |
| 250 | _a2nd ed. | ||
| 260 |
_aOxford ; _aNew York : _bOxford Univ. Press, _c1999. |
||
| 300 |
_a619 s. : _brys., wykr. ; _c20 cm. |
||
| 490 | 1 | _aOxford Paperback Reference | |
| 504 | _aBibliogr. s. 609-619. | ||
| 650 | 9 | _aZiemia | |
| 655 | _aEncyklopedie | ||
| 700 | 1 |
_aALLABY, Ailsa. _eRed. |
|
| 700 | 1 |
_aALLABY, Michael. _eRed. |
|
| 830 | _aOxford Paperback Reference | ||
| 020 | _a0192800795 | ||
| 040 | _cBPK | ||
| 041 | 0 | _aen | |
| 080 | _a55(03) | ||
| 920 | _a0-19-280079-5 | ||
| 942 | _cKS | ||
| 008 | s pl f |000 0 pol | ||
| 999 |
_c36805 _d36805 |
||
| 856 |
_uhttp://koha.tu.koszalin.pl/cgi-bin/koha/opac-detail.pl?biblionumber=36805 _yKatalog online BPK |
||